Central Library OPAC University of Rajshahi

The Shakespearian scene : (Record no. 18440)

MARC details
000 -LEADER
fixed length control field 00799cam a2200253 4500
001 - CONTROL NUMBER
control field 18440
003 - CONTROL NUMBER IDENTIFIER
rucl marc code BD-RjUL
005 - DATE AND TIME OF LATEST TRANSACTION
control field 20211209000302.0
008 - FIXED-LENGTH DATA ELEMENTS--GENERAL INFORMATION
fixed length control field 140220s1969 enk b 001 1 eng
035 ## - SYSTEM CONTROL NUMBER
System control number (BD-RjUL)18498
040 ## - CATALOGING SOURCE
Original cataloging agency DLC
Transcribing agency DLC
Modifying agency BD-RjUL
Language of cataloging eng
041 ## - LANGUAGE CODE
Language code of text/sound track or separate title eng
082 00 - DEWEY DECIMAL CLASSIFICATION NUMBER
Classification number 822.33
Author mark and year MUS 1969
100 1# - MAIN ENTRY--PERSONAL NAME
Personal name Murray, Patrick,
Dates associated with a name 1935-
9 (RLIN) 56827
245 14 - TITLE STATEMENT
Title The Shakespearian scene :
Remainder of title some twentieth-century perspectives /
Statement of responsibility, etc. Patrick Murray.
260 ## - PUBLICATION, DISTRIBUTION, ETC. (IMPRINT)
Place of publication, distribution, etc. London :
Name of publisher, distributor, etc. Longmans,
Date of publication, distribution, etc. c1969.
300 ## - PHYSICAL DESCRIPTION
Pagination x, 182 p. ;
Size 23 cm.
500 ## - GENERAL NOTE
General note Includes index.
504 ## - BIBLIOGRAPHY, ETC. NOTE
Bibliography, etc Bibliography: p. 173-178.
600 10 - SUBJECT ADDED ENTRY--PERSONAL NAME
Personal name Shakespeare, William,
Dates associated with a name 1564-1616
General subdivision Criticism and interpretation
-- History
Chronological subdivision 20th century.
942 ## - ADDED ENTRY ELEMENTS (KOHA)
Source of classification or shelving scheme Dewey Decimal Classification
Koha item type Books
Holdings
Lost status Source of classification or shelving scheme Damaged status Not for loan Collection code Permanent Location Current Location Shelving location Date acquired Source of acquisition Cost, normal purchase price Total Checkouts Full call number Date last seen Copy number Koha item type
  Dewey Decimal Classification   Not For Loan Fiction Central Library, University of Rajshahi Central Library, University of Rajshahi Reading Room 08/11/1969 Zeitlinger 0.35   822.33 MUS 1969 20/02/2014 C-1 Books
  Dewey Decimal Classification     Fiction Central Library, University of Rajshahi Central Library, University of Rajshahi   25/11/1969 Zeitlinger 0.35   822.33 MUS 1969 20/02/2014 C-2 Books